<?xml version="1.0" encoding="UTF-8"?>
<record
    xmlns:xsi="http://www.w3.org/2001/XMLSchema-instance"
    xsi:schemaLocation="http://www.loc.gov/MARC21/slim http://www.loc.gov/standards/marcxml/schema/MARC21slim.xsd"
    xmlns="http://www.loc.gov/MARC21/slim">

  <leader>00623nam a2200217 i 4500</leader>
  <controlfield tag="001">C2-0179722</controlfield>
  <controlfield tag="003">PPAK</controlfield>
  <controlfield tag="005">20180728095139.0</controlfield>
  <controlfield tag="008">981024s1989    my  |||| |||||  |   may d</controlfield>
  <datafield tag="040" ind1=" " ind2=" ">
    <subfield code="a">PPAK</subfield>
    <subfield code="b">eng</subfield>
    <subfield code="c">PPAK</subfield>
    <subfield code="e">rda</subfield>
  </datafield>
  <datafield tag="082" ind1="0" ind2="4">
    <subfield code="a">923.7595</subfield>
    <subfield code="2"> 23</subfield>
  </datafield>
  <datafield tag="090" ind1="0" ind2="0">
    <subfield code="a">923.7595</subfield>
    <subfield code="b">SIA</subfield>
    <subfield code="d">KIH</subfield>
  </datafield>
  <datafield tag="090" ind1="0" ind2="0">
    <subfield code="a">923.7595</subfield>
    <subfield code="b">SIA</subfield>
    <subfield code="d">KSI</subfield>
  </datafield>
  <datafield tag="245" ind1="0" ind2="0">
    <subfield code="a">Siapakah Aminuddin Baki : </subfield>
    <subfield code="b">renungan</subfield>
  </datafield>
  <datafield tag="264" ind1=" " ind2="1">
    <subfield code="a">Genting Highlands, Pahang Darul Makmur : </subfield>
    <subfield code="b">Institut Aminuddin Baki , </subfield>
    <subfield code="c">1989</subfield>
  </datafield>
  <datafield tag="300" ind1=" " ind2=" ">
    <subfield code="a">24 pages ; </subfield>
    <subfield code="c">21 cm</subfield>
  </datafield>
  <datafield tag="336" ind1=" " ind2=" ">
    <subfield code="2">rdacontent</subfield>
    <subfield code="a">text</subfield>
  </datafield>
  <datafield tag="337" ind1=" " ind2=" ">
    <subfield code="2">rdamedia</subfield>
    <subfield code="a">unmediated</subfield>
  </datafield>
  <datafield tag="338" ind1=" " ind2=" ">
    <subfield code="2">rdacarrier</subfield>
    <subfield code="a">volume</subfield>
  </datafield>
  <datafield tag="942" ind1=" " ind2=" ">
    <subfield code="d">dc</subfield>
    <subfield code="c">B</subfield>
  </datafield>
  <datafield tag="999" ind1=" " ind2=" ">
    <subfield code="c">155829</subfield>
    <subfield code="d">155829</subfield>
  </datafield>
  <datafield tag="952" ind1=" " ind2=" ">
    <subfield code="0">0</subfield>
    <subfield code="7">1</subfield>
    <subfield code="b">PPAK</subfield>
    <subfield code="c">KIH</subfield>
    <subfield code="d">1998-10-24</subfield>
    <subfield code="o">KIH 923.7595 SIA</subfield>
    <subfield code="p">A00178341</subfield>
    <subfield code="r">2018-06-01 00:00:00</subfield>
    <subfield code="y">B</subfield>
  </datafield>
  <datafield tag="952" ind1=" " ind2=" ">
    <subfield code="0">0</subfield>
    <subfield code="7">1</subfield>
    <subfield code="b">BL</subfield>
    <subfield code="c">KSI</subfield>
    <subfield code="d">2000-11-02</subfield>
    <subfield code="o">KSI 923.7595 SIA</subfield>
    <subfield code="p">A00210759</subfield>
    <subfield code="r">2018-06-01 00:00:00</subfield>
    <subfield code="y">B</subfield>
  </datafield>
</record>
